000 00506nam a2200169 a 4500
020 _a0886872804 :
020 _a0345343956 (Ballantine Books)
050 0 0 _aTL 790
_b.M36
100 1 _aMcAleer, Neil,
245 1 4 _aThe omni space almanac :
_ba complete guide to the Space Age /
_cNeil McAleer.
260 _aNew York :
_bWorld Almanac :
_bDistributed by Ballantine Books,
_c1987.
300 _a382 p. :
500 _a"An Omni book."
500 _aIncludes index.
650 0 _bAlmanac
942 _2lcc
_cREF
999 _c8448
_d8448